000 00889nam a2200265Ia 4500
003 OSt
005 20220926003848.0
006 a|||||r|||| 00| 0
007 ta
008 220923b |||||||| |||| 00| 0 eng d
020 _a9788131760680
_c361.25
037 _bIN397, 27/01/2014, Bharatiya Sahitya Bhavana
_cGeneral Book
040 _aRTL
_cRTL
_beng
041 _2eng
_aeng
082 _aX:(D6,9(B),2775, P1
100 _aDEITEL Harvey M.
_9307903
245 0 _ae-Business and e-Commerce for managers
260 _a New Delhi
_bPearson
_c2001
300 _axxxvii, 794p
_ccm.
650 _aCommerce
700 _a DEITEL Paul J.
_9307904
700 _a STEINBUHLER Kate
_9307905
942 _hX:(D6,9(B),2775, P1
_cGB
_2CC
999 _c609008
_d609008